[Event "XXX Miedzynarodowy Turniej o Puchar Wojewody Dolnoslaskiego"]
[Site "Legnica, Hotel Qubus****"]
[Date "1899-12-30"]
[Round "5.5"]
[White "Sieciechowicz, Marcin"]
[Black "Gajek, Radoslaw"]
[Result "1-0"]
[WhiteTitle "IM"]
[BlackTitle "FM"]
[WhiteElo "2441"]
[BlackElo "2316"]

1. d4 Nf6 2. c4 e6 3. Nc3 Bb4 4. e3 O-O 5. Nge2 d5 6. a3 Bd6 7. Ng3 c5 8. dxc5
Bxc5 9. cxd5 exd5 10. Bd3 Nc6 11. O-O Be6 12. Nce2 Bd6 13. b4 Ne5 14. Bb2 Re8
15. Rc1 Rc8 16. Rxc8 Bxc8 17. Bb5 Bd7 18. Bxd7 Qxd7 19. Nf4 Bb8 20. Qb3 Nc4 21.
Bxf6 Bxf4 22. Bc3 Bxg3 23. hxg3 Re6 24. Rd1 b5 25. Rd3 h6 26. Qd1 Rd6 27. Ba1
Qe6 28. a4 a6 29. a5 Ne5 30. Bxe5 Qxe5 31. Qc2 Qf5 32. Qc3 Kh7 33. Qd2 g6 34.
Rd4 Qb1+ 35. Kh2 Qf1 36. Rf4 Rd7 37. Qc2 d4 38. Qc8 Ra7 39. Qb8 Re7 40. Qf8 Rd7
41. Rxf7+ Rxf7 42. Qxf7+ Kh8 43. exd4 Qc4 44. Qxc4 bxc4 45. b5 c3 46. bxa6 c2
47. a7 c1=Q 48. a8=Q+ Kg7 49. Qb7+ Kf6 50. Qf3+ Kg7 51. a6 1-0

[Event "XXX Miedzynarodowy Turniej o Puchar Wojewody Dolnoslaskiego"]
[Site "Legnica, Hotel Qubus****"]
[Date "1899-12-30"]
[Round "6.1"]
[White "Kriebel, Tadeas"]
[Black "Gajek, Radoslaw"]
[Result "1-0"]
[WhiteTitle "IM"]
[BlackTitle "FM"]
[WhiteElo "2442"]
[BlackElo "2316"]

1. e4 c5 2. Nf3 d6 3. d4 cxd4 4. Nxd4 Nf6 5. Nc3 a6 6. Be2 e6 7. Be3 Nbd7 8. g4
h6 9. h4 b5 10. a3 Bb7 11. f3 Rc8 12. Qd2 Nb6 13. O-O-O d5 14. g5 Nfd7 15. g6
e5 16. exd5 exd4 17. Bxd4 Nxd5 18. Rhe1 Ne7 19. Qf4 f6 20. Bxb5 axb5 21. Nxb5
Rc6 22. Nd6+ Rxd6 23. Qxd6 Qc8 24. Qe6 Qc6 25. Qf7+ Kd8 26. Re6 Qd5 27. Bc3 Qh5
28. Bb4 1-0

[Event "XXX Miedzynarodowy Turniej o Puchar Wojewody Dolnoslaskiego"]
[Site "Legnica, Hotel Qubus****"]
[Date "1899-12-30"]
[Round "6.2"]
[White "Sabuk, Piotr"]
[Black "Sieciechowicz, Marcin"]
[Result "0-1"]
[WhiteTitle "k"]
[BlackTitle "IM"]
[WhiteElo "2303"]
[BlackElo "2441"]

1. d4 Nf6 2. c4 g6 3. Nc3 d5 4. Nf3 Bg7 5. Qb3 dxc4 6. Qxc4 O-O 7. e4 Nc6 8. Be2
Bg4 9. d5 Na5 10. Qa4 Bxf3 11. Bxf3 c6 12. O-O b5 13. Qb4 a6 14. Rd1 Nd7 15. Be3
c5 16. Bxc5 Nxc5 17. Qxc5 Rc8 18. Qa7 Nc4 19. Qxa6 Nxb2 20. Nxb5 Nxd1 21. Rxd1
Ra8 22. Qc6 Rxa2 23. d6 exd6 24. Nxd6 Qf6 25. Qd5 Ra1 26. Rxa1 Qxa1+ 27. Bd1 Bd4
28. Qb3 Qa5 29. Kf1 Qa6+ 0-1

[Event "XXX Miedzynarodowy Turniej o Puchar Wojewody Dolnoslaskiego"]
[Site "Legnica, Hotel Qubus****"]
[Date "1899-12-30"]
[Round "6.3"]
[White "Czarnota, Pawel"]
[Black "Stachowiak, Kamil"]
[Result "1/2-1/2"]
[WhiteTitle "GM"]
[BlackTitle "IM"]
[WhiteElo "2529"]
[BlackElo "2448"]

1. e4 c5 2. Nf3 e6 3. d4 cxd4 4. Nxd4 Nc6 5. Nb5 d6 6. c4 a6 7. N5c3 Nf6 8. Be2
Be7 9. O-O O-O 10. Na3 b6 11. Be3 Qc7 12. Rc1 Ne5 13. f4 Ned7 14. Bf3 Bb7 15.
g4 h6 16. h4 Nh7 17. h5 Rfc8 18. Qe2 e5 19. f5 Qd8 20. Rfd1 Ng5 21. Bg2 Nf6 22.
Bf2 Qc7 23. Rc2 Bd8 24. b4 Qb8 25. c5 dxc5 26. bxc5 Be7 27. Na4 Bxe4 28. Nxb6
Bxg2 29. Kxg2 Qb7+ 30. Kh2 Nf3+ 1/2-1/2

[Event "XXX Miedzynarodowy Turniej o Puchar Wojewody Dolnoslaskiego"]
[Site "Legnica, Hotel Qubus****"]
[Date "1899-12-30"]
[Round "6.4"]
[White "Simacek, Pavel"]
[Black "Oral, Tomas"]
[Result "0-1"]
[WhiteTitle "IM"]
[BlackTitle "GM"]
[WhiteElo "2464"]
[BlackElo "2489"]

1. d4 Nf6 2. c4 e6 3. g3 c5 4. d5 exd5 5. cxd5 b5 6. e4 Nxe4 7. Bg2 Nd6 8. Nf3
Be7 9. O-O O-O 10. Bf4 Bb7 11. Nc3 Na6 12. Bxd6 Bxd6 13. Nxb5 Be7 14. Ne5 Bf6
15. Nc4 Nc7 16. Nxc7 Qxc7 17. d6 Qc8 18. Bd5 Rb8 19. Rc1 Re8 20. b3 Bd4 21. Qf3
Bxd5 22. Qxd5 Re2 23. Ne3 Rxe3 24. fxe3 Bxe3+ 25. Kg2 Bxc1 26. Rxc1 Qa6 27. Qxc5
g6 28. Rc2 Re8 29. b4 Qd3 30. Rf2 a6 31. a4 h5 32. Qc7 Qd5+ 33. Kh3 Qe6+ 34. Kg2
Qd5+ 35. Kh3 Qe6+ 36. Kg2 h4 37. gxh4 Qg4+ 38. Kf1 Qh3+ 39. Rg2 Qf3+ 0-1

[Event "XXX Miedzynarodowy Turniej o Puchar Wojewody Dolnoslaskiego"]
[Site "Legnica, Hotel Qubus****"]
[Date "1899-12-30"]
[Round "6.5"]
[White "Nosenko, Alexander"]
[Black "Cyborowski, Lukasz"]
[Result "1/2-1/2"]
[WhiteTitle "GM"]
[BlackTitle "GM"]
[WhiteElo "2510"]
[BlackElo "2512"]

1. d4 d5 2. c4 c6 3. cxd5 cxd5 4. Nc3 Nf6 5. Nf3 Nc6 6. Bf4 Bf5 7. e3 e6 8. Bd3
Bxd3 9. Qxd3 Bd6 10. Bxd6 Qxd6 11. O-O O-O 12. Rfc1 Rfc8 13. h3 Nd7 14. Rab1 Nb4
15. Qe2 Nc6 16. Qd3 Nb4 17. Qe2 Nc6 18. Qd3 Nb4 19. Qe2 1/2-1/2

[Event "XXX Miedzynarodowy Turniej o Puchar Wojewody Dolnoslaskiego"]
[Site "Legnica, Hotel Qubus****"]
[Date "1899-12-30"]
[Round "7.1"]
[White "Cyborowski, Lukasz"]
[Black "Kriebel, Tadeas"]
[Result "1/2-1/2"]
[WhiteTitle "GM"]
[BlackTitle "IM"]
[WhiteElo "2512"]
[BlackElo "2442"]

1. d4 d5 2. Nf3 Nf6 3. c4 e6 4. Nc3 Be7 5. Bf4 O-O 6. e3 b6 7. cxd5 Nxd5 8. Nxd5
Qxd5 9. Bd3 Qa5+ 10. Ke2 c5 11. Qd2 Qxd2+ 12. Kxd2 Bb7 13. dxc5 Bxc5 14. Ke2 Nd7
15. Rhd1 Nf6 16. a3 Rac8 17. Rac1 Rfd8 18. Be5 Nd7 19. Bg3 Nf6 20. Be5 Nd7 21.
Bg3 Nf6 22. Be5 Nd7 1/2-1/2

[Event "XXX Miedzynarodowy Turniej o Puchar Wojewody Dolnoslaskiego"]
[Site "Legnica, Hotel Qubus****"]
[Date "1899-12-30"]
[Round "7.2"]
[White "Oral, Tomas"]
[Black "Nosenko, Alexander"]
[Result "1/2-1/2"]
[WhiteTitle "GM"]
[BlackTitle "GM"]
[WhiteElo "2489"]
[BlackElo "2510"]

1. e4 e6 2. d4 d5 3. exd5 exd5 4. Bd3 Bd6 5. Nf3 Nf6 6. O-O O-O 7. Bg5 Bg4 8. Nbd2
Nbd7 9. c3 c6 10. Qc2 Qc7 11. Bh4 Bh5 12. Bg3 Bxg3 13. hxg3 Bg6 14. Bxg6 hxg6
15. Rae1 Rfe8 16. Qd3 Qd6 17. Qc2 Qc7 18. Qd3 Qd6 19. Qc2 Qc7 20. Qd3 Qd6 1/2-1/2

[Event "XXX Miedzynarodowy Turniej o Puchar Wojewody Dolnoslaskiego"]
[Site "Legnica, Hotel Qubus****"]
[Date "1899-12-30"]
[Round "7.3"]
[White "Stachowiak, Kamil"]
[Black "Simacek, Pavel"]
[Result "1/2-1/2"]
[WhiteTitle "IM"]
[BlackTitle "IM"]
[WhiteElo "2448"]
[BlackElo "2464"]

1. d4 Nf6 2. c4 e6 3. Nc3 c5 4. d5 exd5 5. cxd5 d6 6. e4 g6 7. h3 Bg7 8. Nf3 O-O
9. Bd3 b5 10. Nxb5 Re8 11. O-O Nxe4 12. Re1 a6 13. Nc3 Nxc3 14. bxc3 Rxe1+ 15.
Qxe1 Nd7 16. Bg5 Nf6 17. Qd2 Bd7 18. Re1 Qf8 19. c4 a5 20. Rb1 h6 21. Bf4 a4 22.
Rb6 Ne8 23. h4 Rd8 24. Qa5 Qe7 25. Bxd6 Nxd6 26. Rxd6 Rc8 27. Ra6 Bg4 28. Rc6
Rxc6 29. dxc6 Bxf3 30. gxf3 Be5 31. Be4 Qxh4 32. Qxc5 Qg5+ 33. Kf1 Qc1+ 34. Kg2
Qg5+ 1/2-1/2

[Event "XXX Miedzynarodowy Turniej o Puchar Wojewody Dolnoslaskiego"]
[Site "Legnica, Hotel Qubus****"]
[Date "1899-12-30"]
[Round "7.4"]
[White "Sieciechowicz, Marcin"]
[Black "Czarnota, Pawel"]
[Result "1/2-1/2"]
[WhiteTitle "IM"]
[BlackTitle "GM"]
[WhiteElo "2441"]
[BlackElo "2529"]

1. d4 d5 2. c4 c6 3. Nf3 Nf6 4. e3 Bf5 5. Nc3 e6 6. Nh4 Be4 7. f3 Bg6 8. Qb3 Qc7
9. Bd2 Be7 10. g3 dxc4 11. Bxc4 Nbd7 12. Rc1 O-O 13. Nxg6 hxg6 14. O-O a6 15.
Ne4 Rfe8 16. Kg2 Bf8 17. Ng5 Rac8 18. e4 Qb6 19. Be3 Qxb3 20. Bxb3 c5 21. e5 Nd5
22. Bxd5 exd5 23. f4 cxd4 24. Bxd4 Bc5 25. Bxc5 Nxc5 26. Rfd1 Ne6 27. Nf3 Rc6
28. Kf2 Rec8 29. Rxc6 bxc6 30. Ke3 Rb8 31. b3 Kf8 1/2-1/2

[Event "XXX Miedzynarodowy Turniej o Puchar Wojewody Dolnoslaskiego"]
[Site "Legnica, Hotel Qubus****"]
[Date "1899-12-30"]
[Round "7.5"]
[White "Gajek, Radoslaw"]
[Black "Sabuk, Piotr"]
[Result "0-1"]
[WhiteTitle "FM"]
[BlackTitle "k"]
[WhiteElo "2316"]
[BlackElo "2303"]

1. c4 e6 2. Nf3 d5 3. d4 Nf6 4. g3 dxc4 5. Bg2 Bb4+ 6. Bd2 c5 7. dxc5 Bxc5 8. Qa4+
Nbd7 9. O-O O-O 10. Qxc4 Qe7 11. Nc3 Nb6 12. Qh4 e5 13. Bg5 h6 14. Bxf6 Qxf6 15.
Qxf6 gxf6 16. Nd2 Rb8 17. Rfc1 Be7 18. a4 Rd8 19. Nb3 Be6 20. Na5 Nc4 21. Nxc4
Bxc4 22. e3 Bb3 23. Ne4 Rbc8 24. a5 b5 25. Rxc8 Rxc8 26. Nc3 Rc5 27. Be4 b4 28.
Ne2 Be6 29. Kf1 f5 30. Bb1 e4 31. Ra4 Rc8 32. a6 Bb3 33. Ra5 Rc5 34. Rxc5 Bxc5
35. Ke1 Bc4 36. Bc2 b3 37. Bd1 Kf8 38. Kf1 Ke7 39. Kg2 Bxa6 40. Nc3 Bc4 0-1

[Event "XXX Miedzynarodowy Turniej o Puchar Wojewody Dolnoslaskiego"]
[Site "Legnica, Hotel Qubus****"]
[Date "1899-12-30"]
[Round "8.1"]
[White "Kriebel, Tadeas"]
[Black "Sabuk, Piotr"]
[Result "1/2-1/2"]
[WhiteTitle "IM"]
[BlackTitle "k"]
[WhiteElo "2442"]
[BlackElo "2303"]

1. e4 e5 2. Nf3 Nc6 3. Bb5 a6 4. Ba4 Nf6 5. O-O Be7 6. Re1 b5 7. Bb3 d6 8. c3 O-O
9. d4 Bg4 10. d5 Na5 11. Bc2 c6 12. h3 Bc8 13. dxc6 Qc7 14. Nbd2 Qxc6 15. Nf1
Nc4 16. a4 Be6 17. Ng5 Bd7 18. b3 Na5 19. Bd2 Qc7 20. axb5 axb5 21. Ne3 h6 22.
Nf3 Rfe8 23. Nh4 g6 24. b4 Nb7 25. Rxa8 Rxa8 26. Bb3 Kg7 27. Qf3 Nd8 28. Qg3 Nh5
29. Nef5+ Kh7 30. Qf3 Bg5 31. Rd1 Nf4 32. Bxf4 exf4 33. e5 Bc6 34. Qg4 dxe5 35.
Nf3 Bxf3 36. Qxf3 Ra3 37. h4 Bf6 38. Nd6 Rxb3 39. Qd5 Rb2 40. Ne8 Qb6 41. Nxf6+
Qxf6 42. Qxd8 Qxd8 43. Rxd8 Rb1+ 44. Kh2 Rc1 45. Rd5 e4 46. Rxb5 Rxc3 47. Re5
Rc4 48. b5 Rb4 49. f3 e3 50. g3 fxg3+ 51. Kxg3 Kg7 52. Rxe3 Rxb5 53. Re4 Kf6 54.
Ra4 Re5 55. Rb4 Ke6 56. Ra4 Rd5 57. Kf4 Kf6 58. Ra6+ Kg7 59. Ra4 Rd1 60. Kg3 Kf6
61. Rb4 Rd2 62. Rf4+ Ke6 63. Re4+ Kd6 64. Ra4 Rc2 65. Ra7 Rc7 66. Ra5 Rc5 67.
Ra4 Kd5 68. Re4 Kd6 69. Ra4 Ke6 70. Rb4 Rd5 71. Re4+ Kd7 72. Ra4 Ke7 73. Re4+
Kf6 74. Ra4 Ke6 75. Re4+ Re5 76. Ra4 f5 77. Ra6+ Kf7 78. Kf4 Re6 79. Ra8 Rc6 80.
Ra4 Kf6 81. Rb4 Ra6 82. Rc4 Rb6 83. Ra4 Rc6 84. Rb4 Ra6 85. Rc4 g5+ 86. hxg5+
hxg5+ 87. Kg3 Kg6 88. Rc8 Ra3 89. Kg2 Ra2+ 90. Kf1 Kf6 91. Rc5 Kg6 92. Rc8 Rb2
93. Ra8 Rc2 94. Rb8 f4 95. Ra8 Rc6 96. Kg2 Kh5 97. Rh8+ Kg6 98. Rb8 Rc2+ 99. Kf1
Rh2 100. Kg1 Rh7 101. Kg2 Kh5 102. Ra8 Rb7 103. Rh8+ Kg6 104. Ra8 Rb3 105. Rc8
Rb2+ 106. Kf1 Kf5 107. Rc5+ Kf6 108. Ra5 Kg6 109. Ra8 Rc2 110. Rb8 Kf5 111. Rb5+
Kf6 112. Ra5 Kg6 113. Ra8 Rc5 114. Kg2 Kf5 115. Re8 Rc2+ 116. Kg1 g4 117. Rf8+
Ke5 118. Re8+ Kf6 119. Rf8+ Ke5 1/2-1/2

[Event "XXX Miedzynarodowy Turniej o Puchar Wojewody Dolnoslaskiego"]
[Site "Legnica, Hotel Qubus****"]
[Date "1899-12-30"]
[Round "8.2"]
[White "Czarnota, Pawel"]
[Black "Gajek, Radoslaw"]
[Result "1/2-1/2"]
[WhiteTitle "GM"]
[BlackTitle "FM"]
[WhiteElo "2529"]
[BlackElo "2316"]

1. e4 e5 2. Nf3 Nf6 3. Nxe5 d6 4. Nf3 Nxe4 5. Nc3 Nxc3 6. dxc3 Nc6 7. Bf4 Be7 8.
Qd2 Be6 9. O-O-O Qd7 10. Ng5 Bf5 11. Bc4 h6 12. Nf3 Be6 13. Be2 O-O-O 14. Kb1
a6 15. Rhe1 Bf6 16. Nd4 Nxd4 17. cxd4 Qa4 18. b3 Qd7 19. Qa5 Rde8 20. a4 g5 21.
Bg3 Bf5 22. d5 Bg6 23. Bb5 Qf5 24. Bd3 Qd7 25. Bxg6 fxg6 26. Rxe8+ Rxe8 27. Re1
Kb8 28. f3 b6 29. Qd2 Rxe1+ 30. Qxe1 g4 31. Qe4 gxf3 32. Qxf3 Qe7 33. Qd3 h5 34.
h3 h4 35. Bf2 Qe5 36. c3 Kb7 37. Kc2 Bg5 38. Qf3 Be7 39. Kd3 Bg5 40. Qe4 Qf6 41.
Qf3 Qe5 42. Kc4 Qe8 43. Qg4 Qe7 44. Kb4 Qf6 45. Qf3 Qe5 46. Kc4 Qe8 47. Kd4 Qe5+
48. Kd3 Qe7 49. Kc4 Qe8 1/2-1/2

[Event "XXX Miedzynarodowy Turniej o Puchar Wojewody Dolnoslaskiego"]
[Site "Legnica, Hotel Qubus****"]
[Date "1899-12-30"]
[Round "8.3"]
[White "Simacek, Pavel"]
[Black "Sieciechowicz, Marcin"]
[Result "1-0"]
[WhiteTitle "IM"]
[BlackTitle "IM"]
[WhiteElo "2464"]
[BlackElo "2441"]

1. d4 d5 2. Nf3 Nf6 3. Bg5 e6 4. e3 Be7 5. Bd3 c5 6. c3 Qb6 7. Qc2 Bd7 8. Nbd2
h6 9. Bh4 Nc6 10. a3 Nh5 11. Bxe7 Nxe7 12. Ne5 Nf6 13. O-O Nc6 14. f4 Rc8 15.
Ndf3 Na5 16. Rae1 Bb5 17. Bxb5+ Qxb5 18. dxc5 Qb3 19. Qe2 Nc4 20. Nd4 Qxb2 21.
Nxc4 Qxe2 22. Nd6+ Kf8 23. Nxe2 Rxc5 24. Nxb7 Rc7 25. Na5 Ke7 26. Rb1 Ne4 27.
Rfc1 Rhc8 28. Rb4 Kf6 29. Nb3 Nxc3 30. Nxc3 Rxc3 31. Rxc3 Rxc3 32. Kf2 a5 33.
Nxa5 Rxa3 34. Nc6 Ra2+ 35. Kf3 g5 36. Rb7 Ra3 37. g3 1-0

[Event "XXX Miedzynarodowy Turniej o Puchar Wojewody Dolnoslaskiego"]
[Site "Legnica, Hotel Qubus****"]
[Date "1899-12-30"]
[Round "8.4"]
[White "Nosenko, Alexander"]
[Black "Stachowiak, Kamil"]
[Result "1-0"]
[WhiteTitle "GM"]
[BlackTitle "IM"]
[WhiteElo "2510"]
[BlackElo "2448"]

1. d4 Nf6 2. c4 c5 3. d5 b5 4. Nd2 bxc4 5. e4 c3 6. bxc3 g6 7. Rb1 Bg7 8. Bd3 O-O
9. Ne2 d6 10. O-O Qc7 11. c4 Nbd7 12. f4 e6 13. h3 Re8 14. Qc2 Nb6 15. Nc3 Ba6
16. a4 exd5 17. exd5 Re7 18. Nf3 Rae8 19. Rd1 h6 20. a5 Nbd7 21. Bd2 Nf8 22. Kh2
Qd8 23. Qa4 Qc8 24. Rb3 Nh5 25. Rdb1 Rc7 26. Nb5 Rd7 27. f5 Qd8 28. Nc3 Bc8 29.
Rb8 Rde7 30. fxg6 fxg6 31. Qc2 Nd7 32. Rxc8 Qxc8 33. Bxg6 Nhf6 34. Bxe8 Qxe8 35.
Bf4 Qh5 36. Kg1 Ne8 37. Rf1 a6 38. Bg3 Re3 39. Ne2 Ndf6 40. Nf4 Qf7 41. Ne6 Nh5
42. Bh2 Rc3 43. Qe2 Qg6 44. Nh4 Ng3 45. Qf2 Qxe6 46. dxe6 Bd4 47. Bxg3 Rxg3 48.
e7 Kh7 49. Qxd4 cxd4 50. Rf8 Rg8 51. Kf2 1-0

[Event "XXX Miedzynarodowy Turniej o Puchar Wojewody Dolnoslaskiego"]
[Site "Legnica, Hotel Qubus****"]
[Date "1899-12-30"]
[Round "8.5"]
[White "Cyborowski, Lukasz"]
[Black "Oral, Tomas"]
[Result "1/2-1/2"]
[WhiteTitle "GM"]
[BlackTitle "GM"]
[WhiteElo "2512"]
[BlackElo "2489"]

1. d4 Nf6 2. Nf3 g6 3. Nbd2 d5 4. e3 Bg7 5. b4 b6 6. Bb2 c5 7. bxc5 bxc5 8. dxc5
O-O 9. c4 Na6 10. cxd5 Nxc5 11. Bc4 Nxd5 12. Bxg7 Kxg7 13. O-O Nb6 14. Be2 Bb7
15. Qc1 Qd6 16. Qc3+ Kg8 17. Qa5 Rfc8 18. Rfc1 Nca4 19. Bf1 Rc5 20. Rxc5 Qxc5
21. Qxc5 Nxc5 22. Rc1 Rc8 23. Nd4 Ne4 24. Rxc8+ Nxc8 25. Nxe4 Bxe4 26. Nb5 Kf8
27. f3 Bb7 28. Kf2 e5 29. Ke1 Ke7 30. Kd2 a6 31. Na3 1/2-1/2

[Event "XXX Miedzynarodowy Turniej o Puchar Wojewody Dolnoslaskiego"]
[Site "Legnica, Hotel Qubus****"]
[Date "1899-12-30"]
[Round "9.1"]
[White "Oral, Tomas"]
[Black "Kriebel, Tadeas"]
[Result "1/2-1/2"]
[WhiteTitle "GM"]
[BlackTitle "IM"]
[WhiteElo "2489"]
[BlackElo "2442"]

1. e4 e5 2. Nf3 Nc6 3. Bb5 a6 4. Ba4 Nf6 5. O-O b5 6. Bb3 Bb7 7. d3 Be7 8. Nc3
O-O 9. a4 Na5 10. Ba2 d5 11. axb5 axb5 12. Nxb5 Nc6 13. Bg5 Nb4 14. Bb3 dxe4 15.
Nxe5 exd3 16. cxd3 Rxa1 17. Qxa1 Nh5 18. Qa7 Bxg2 19. Kxg2 Bxg5 20. Nxf7 Rxf7
21. Bxf7+ Kxf7 22. Qxc7+ Qxc7 23. Nxc7 Nxd3 24. b3 Be7 25. Nd5 Bc5 26. Rd1 Nxf2
27. Rf1 Ke6 28. Nc7+ Kd7 29. Na6 Bb6 30. Rxf2 Bxf2 31. Kxf2 Ke8 32. Kg1 1/2-1/2

[Event "XXX Miedzynarodowy Turniej o Puchar Wojewody Dolnoslaskiego"]
[Site "Legnica, Hotel Qubus****"]
[Date "1899-12-30"]
[Round "9.2"]
[White "Stachowiak, Kamil"]
[Black "Cyborowski, Lukasz"]
[Result "1/2-1/2"]
[WhiteTitle "IM"]
[BlackTitle "GM"]
[WhiteElo "2448"]
[BlackElo "2512"]

1. d4 d5 2. c4 c6 3. Nc3 Nf6 4. e3 e6 5. Nf3 Nbd7 6. Qc2 Bd6 7. g4 dxc4 8. Bxc4
e5 9. g5 Nd5 10. Bd2 exd4 11. Qe4+ Ne7 12. Qxd4 Nf5 13. Qe4+ Ne7 14. Qd4 Nf5 15.
Qe4+ Ne7 16. Qd4 Nf5 17. Qe4+ Ne7 1/2-1/2

[Event "XXX Miedzynarodowy Turniej o Puchar Wojewody Dolnoslaskiego"]
[Site "Legnica, Hotel Qubus****"]
[Date "1899-12-30"]
[Round "9.3"]
[White "Sieciechowicz, Marcin"]
[Black "Nosenko, Alexander"]
[Result "1-0"]
[WhiteTitle "IM"]
[BlackTitle "GM"]
[WhiteElo "2441"]
[BlackElo "2510"]

1. d4 f5 2. Bg5 h6 3. Bh4 g5 4. e4 Rh7 5. Qh5+ Rf7 6. Nf3 Nf6 7. Qg6 e6 8. Bxg5
hxg5 9. Nxg5 Qe7 10. e5 Ne4 11. Nxf7 Qxf7 12. Qxf7+ Kxf7 13. f3 Ng5 14. h4 Nh7
15. g4 Nc6 16. c3 d6 17. exd6 Bxd6 18. Bc4 fxg4 19. fxg4 Nf6 20. O-O Kg7 21. g5
Nh5 22. Nd2 Ng3 23. Rf3 Bd7 24. Re1 Rh8 25. Bxe6 Bxe6 26. Rxe6 Rxh4 27. Rxd6 Ne2+
28. Kf1 cxd6 29. Kxe2 Rh2+ 1-0

[Event "XXX Miedzynarodowy Turniej o Puchar Wojewody Dolnoslaskiego"]
[Site "Legnica, Hotel Qubus****"]
[Date "1899-12-30"]
[Round "9.4"]
[White "Gajek, Radoslaw"]
[Black "Simacek, Pavel"]
[Result "1/2-1/2"]
[WhiteTitle "FM"]
[BlackTitle "IM"]
[WhiteElo "2316"]
[BlackElo "2464"]

1. c4 e5 2. Nc3 Nf6 3. g3 d5 4. cxd5 Nxd5 5. Bg2 Nb6 6. Nf3 Nc6 7. O-O Be7 8. a3
O-O 9. b4 Re8 10. Rb1 Bf8 11. d3 Bg4 12. Ng5 Rb8 13. Be4 g6 14. Qb3 Be6 15. Nxe6
Rxe6 16. Bb2 Bg7 17. e3 Ne7 18. Rfc1 a6 19. a4 Nd7 20. Ba3 Nf6 21. Bg2 Nc8 22.
b5 axb5 23. Qxb5 c6 24. Qb3 Bf8 25. Bh3 Re8 26. Rd1 Bxa3 27. Qxa3 Qa5 28. d4 e4
29. d5 cxd5 30. Rb5 Qa6 31. Nxd5 Nxd5 32. Rbxd5 Qf6 33. Rd7 Na7 34. R1d6 Qe5 35.
Qb3 Rf8 36. Be6 Kh8 37. Bxf7 Nc6 38. Qe6 Ra8 39. Rxb7 Qa1+ 40. Kg2 Nd8 41. Rxd8
Raxd8 42. Qe7 Qg7 43. a5 Ra8 44. Bd5 Qxe7 45. Rxe7 Rxa5 46. Bxe4 Ra2 47. Bf3 Rd2
48. Re4 g5 49. Ra4 Rb8 50. Ra8 1/2-1/2

[Event "XXX Miedzynarodowy Turniej o Puchar Wojewody Dolnoslaskiego"]
[Site "Legnica, Hotel Qubus****"]
[Date "1899-12-30"]
[Round "9.5"]
[White "Sabuk, Piotr"]
[Black "Czarnota, Pawel"]
[Result "0-1"]
[WhiteTitle "k"]
[BlackTitle "GM"]
[WhiteElo "2303"]
[BlackElo "2529"]

1. d4 Nf6 2. c4 g6 3. g3 Bg7 4. Bg2 O-O 5. Nc3 d6 6. Nf3 Nc6 7. O-O Bg4 8. d5 Na5
9. Nd2 c5 10. Qc2 a6 11. a4 Bd7 12. b3 Rb8 13. Bb2 Re8 14. Rfd1 Qc7 15. Ra2 Bf5
16. Qc1 Qb6 17. Ra3 Bh6 18. e3 Ng4 19. e4 Bd7 20. Qc2 Bg7 21. h3 Nf6 22. Kh2 Qc7
23. Nf1 Rbd8 24. Ne3 e5 25. dxe6 fxe6 26. Ne2 Nc6 27. Bc3 Bc8 28. Raa1 e5 29.
Nd5 Qf7 30. Rf1 Nxd5 31. cxd5 Nd4 32. Nxd4 exd4 33. Ba5 Rd7 34. Rae1 b5 35. f4
Rb7 36. g4 Qe7 37. Kg1 Rb8 38. Re2 Bb7 39. Qd3 Bxd5 40. Rc1 c4 41. bxc4 Bxc4 42.
Rxc4 bxc4 43. Qxc4+ Qf7 44. Qxf7+ Kxf7 45. Bc7 Rb1+ 46. Kf2 Rc8 47. Bxd6 d3 48.
Rd2 Rc2 0-1